01076nam a2200217Ia 4500003000900000008004100009040001600050080002700066111014100093245024800234260006800482300001500550650004100565650002500606650001700631650002100648700003200669942000700701999001500708952013500723IN-BaIIA211028s9999 xx 000 0 eng d cIIA Library a523.62-726(082.2)bSOL aConference on Solar Wind Five, Sponsored By NASA Headquarters and the Jet Propulsion LaboratorycWoodstock, Vermontd1982 Nov.1-5914240 0aSolar wind fivebproceedings of a Conference on Solar wind five, Sponsored by NASA headquarters and the jet propulsion laboratory, held in Woodstock, Vermont, November 1-5, 1982cedited by Neugebauer, Marcia  aWashingtonbNational Aeronautics and Space Administrationc1983 axii, 742p. aAstronomy and Astrophysics Thesaurus aSolar activity91424 aSolar corona aSolar wind95747 aCalhoun, David., ed.913505 cBK c8501d8501 00104070aBANbBANcGENd1985-10-17g2032.80l0o523.62-726(082.2)/ SOLp9366r2021-11-05v2032.80w1985-10-17yBKGRs. 2,032.80